00370 a2200121 450000100060000004000220000624000280002824500260005665000370008294200070011995201050012699900170023166253 cAnchieta - Pituba10aAula da paixão 2013l10aAula da paixão 2013 4aLínguas espanhola e portuguesa cMX 00104070a91.1b91.1d2023-11-21l0o460 C695 AULp21034/PITr2023-11-21 18:34:30w2023-11-21yMX c66253d66253